000 00755nam a22002175i 4500
001 163865
003 ES-MaACL
005 20230906212827.0
008 050720s1901 fr | |||||||| ||fre d
040 _aCAM
_bspa
_cCAM
100 1 _aRoisel, Godefroy de (
_d18..-19.)
_9131995
245 1 2 _aL'Idée spiritualiste /
_cpar Roisel.
250 _a2e éd. rev. et augm.
260 _aParis :
_bFélix Alcan,
_c1901 (
_eCoulommiers :
_fimprimerie Paul Brodard)
300 _a194 p. ;
_c19 cm.
490 1 _aBibliothèque de philosophie contemporaine
650 0 4 _aEspiritualismo.
_912508
830 0 _aBibliothèque de philosophie contemporaine
_9181027
852 _aES-MaACL
_jF-11695
_z-- Enc. hol., conservando la cub. original
999 _c163865
_d163865